Deutscher EM-Kader 2016 - Statistiken

Allgemein
  • Dieses Quiz wurde 1.437 mal gespielt
  • Das Durchschnittsergebnis liegt bei 18 aus 24
Antwortstatistiken
Position Name % Korrekt
Torwart Manuel Neuer
99%
Trainer Joachim "Jogi" Löw
97%
Torwart Marc-Andre ter Stegen
96%
Abwehr Jerome Boateng
95%
Abwehr Mats Hummels
95%
Mittelfeld Thomas Müller
90%
Mittelfeld Bastian Schweinsteiger
87%
Mittelfeld Toni Kroos
86%
Abwehr Joshua Kimmich
84%
Sturm Mario Gomez
84%
Mittelfeld Mesut Özil
83%
Towart Bernd Leno
80%
Mittelfeld Sami Khedira
79%
Sturm Mario Götze
77%
Sturm Lukas Podolski
71%
Abwehr Jonas Hector
70%
Abwehr Benedikt Höwedes
66%
Mittelfeld Julian Draxler
65%
Sturm Andre Schürrle
60%
Abwehr Shkodran Mustafi
58%
Sturm Leroy Sane
56%
Mittelfeld Emre Can
35%
Abwehr Jonathan Tah
27%
Mittelfeld Julian Weigl
16%
Keine übereinstimmenden Quizze gefunden
Verteilung der Resultate
Anzahl Personen mit jedem Resultat
Perzentil nach korrekt beantworteten Fragen
Ihre Resultats-Entwicklung
Sie haben dieses Quiz noch nicht gespielt